[Event "EU-ch Rapid"]
[Site "Zagreb"]
[Date "2023.12.14"]
[Round "1"]
[White "Papadimitriou, Athanasios"]
[Black "Bacrot, Etienne"]
[Result "0-1"]
[WhiteElo "2249"]
[BlackElo "2683"]
[PlyCount "74"]
[EventDate "2023.12.14"]
[EventType "swiss (rapid)"]
[EventRounds "11"]
[EventCountry "CRO"]
[SourceTitle "CB51_2023"]
[SourceDate "2023.12.20"]
[SourceVersion "1"]
[SourceVersionDate "2023.12.20"]
[SourceQuality "1"]

1. Nf3 d5 2. g3 g6 3. Bg2 Bg7 4. d4 c6 5. 0-0 Nh6 6. Nbd2 Nf5 7. c3 Nd6 8. Re1 Bf5 9. Nh4 Nd7 10. Nxf5 gxf5 11. Qc2 e6 12. f3 c5 13. e4 fxe4 14. fxe4 dxe4 15. Nxe4 Nxe4 16. Bxe4 cxd4 17. Bxb7 Rb8 18. Be4 Rc8 19. Bd2 Nc5 20. Rad1 d3 21. Qb1 0-0 22. Bc1 Nxe4 23. Rxe4 Qa5 24. Rxd3 Rfd8 25. a3 Qf5 26. Rc4 Rxd3 27. Rxc8+ Bf8 28. Qxd3 Qxd3 29. Bh6 Qb1+ 30. Kg2 Qxb2+ 31. Kh3 Qxa3 32. c4 a5 33. c5 Qxc5 34. Rxc5 Bxc5 35. Bc1 a4 36. Bb2 a3 37. Bc3 Bf8 0-1

[Event "Thessaloniki op 3rd"]
[Site "Thessaloniki"]
[Date "2023.08.08"]
[Round "5"]
[White "Papadimitriou, Athanasios"]
[Black "Tagkaloglou, Savvas Stefanos"]
[Result "1-0"]
[WhiteElo "2249"]
[BlackElo "1705"]
[PlyCount "57"]
[EventDate "2023.08.05"]
[EventType "swiss"]
[EventRounds "9"]
[EventCountry "GRE"]
[SourceTitle "CBM 215 Extra"]
[Source "ChessBase"]
[SourceDate "2023.09.30"]
[SourceVersion "1"]
[SourceVersionDate "2023.09.30"]
[SourceQuality "1"]

1. Nf3 Nf6 2. g3 g6 3. Bg2 Bg7 4. 0-0 0-0 5. d4 d5 6. c4 c6 7. a4 Be6 8. Nc3 Ne4 9. a5 Na6 10. Qb3 Nxc3 11. bxc3 b5 12. cxb5 Rb8 13. b6 axb6 14. Bf4 Rb7 15. Ne5 Bxe5 16. Bxe5 f6 17. Bf4 g5 18. Bd2 Qc7 19. e4 bxa5 20. Qa2 Rb5 21. Rfb1 Rfb8 22. Rxb5 Rxb5 23. Bf1 Rb6 24. Qxa5 Nb8 25. f4 h6 26. f5 Bc8 27. exd5 Bb7 28. Rb1 Nd7 29. c4 1-0

[Event "EU-Cup 34th"]
[Site "Porto Carras"]
[Date "2018.10.15"]
[Round "4.6"]
[White "Ragger, Markus"]
[Black "Papadimitriou, Athanasios"]
[Result "1-0"]
[WhiteElo "2690"]
[BlackElo "2265"]
[PlyCount "163"]
[EventDate "2018.10.12"]
[EventType "team-swiss"]
[EventRounds "7"]
[EventCountry "GRE"]
[SourceTitle "CBM 187"]
[Source "ChessBase"]
[SourceDate "2018.12.11"]
[SourceVersion "1"]
[SourceVersionDate "2018.12.11"]
[SourceQuality "1"]
[WhiteTeam "Novy Bor"]
[BlackTeam "Thessaloniki ES"]
[WhiteTeamCountry "CZE"]
[BlackTeamCountry "GRE"]

1. e4 d5 2. exd5 Qxd5 3. Nc3 Qd8 4. d4 Nf6 5. Nf3 Bg4 6. h3 Bxf3 7. Qxf3 c6 8. Qd3 Nbd7 9. g3 e6 10. Bg2 Be7 11. 0-0 0-0 12. a4 a5 13. Nd1 Qb6 14. Ne3 Qa6 15. Rd1 Nd5 16. Nc4 c5 17. dxc5 Nxc5 18. Qf1 Rfd8 19. Bd2 b6 20. Ne3 Qxf1+ 21. Kxf1 Rac8 22. Nxd5 exd5 23. Be3 Bf6 24. c3 Nb3 25. Ra3 d4 26. Rxb3 dxe3 27. Rxd8+ Bxd8 28. fxe3 Rc5 29. Ke2 h5 30. Bf3 Bc7 31. g4 hxg4 32. hxg4 Kh7 33. Ra3 Kh6 34. Ra1 Be5 35. Rd1 Rc4 36. Rd7 Rc7 37. Rd5 Re7 38. Kd3 Re6 39. Rb5 Bg3 40. g5+ Kh7 41. Bd5 Rd6 42. Ke4 f6 43. gxf6 gxf6 44. Kf5 Be5 45. e4 Kg7 46. c4 Bd4 47. b4 axb4 48. a5 bxa5 49. c5 Rd7 50. Rxa5 Rc7 51. c6 b3 52. Bxb3 Rxc6 53. Ra8 Rb6 54. Bd5 Rd6 55. Rb8 Rb6 56. Rc8 Rd6 57. Kg4 Be5 58. Re8 Bd4 59. Kh5 f5 60. Re7+ Kh8 61. Be6 Bf6 62. Re8+ Kg7 63. Bxf5 Bd8 64. Kg4 Kf7 65. Rh8 Kf6 66. Kf4 Rd4 67. Rh6+ Kg7 68. Rc6 Bf6 69. Rc7+ Kf8 70. Be6 Be7 71. Kf5 Rd2 72. Bd5 Rh2 73. Rc8+ Kg7 74. e5 Rf2+ 75. Ke6 Bf8 76. Rc3 Re2 77. Rg3+ Kh6 78. Bc4 Re4 79. Bd3 Rf4 80. Bf5 Rf2 81. Kf6 Rh2 82. Rg8 1-0

[Event "GRE-chT 44th"]
[Site "Achaia"]
[Date "2016.07.09"]
[Round "6.3"]
[White "Papadimitriou, Athanasios"]
[Black "Sgouros, Apostolos"]
[Result "0-1"]
[WhiteElo "2254"]
[BlackElo "2011"]
[PlyCount "116"]
[EventDate "2016.07.05"]
[EventType "team-swiss"]
[EventRounds "7"]
[EventCountry "GRE"]
[SourceTitle "CBM 173 Extra"]
[Source "ChessBase"]
[SourceDate "2016.08.29"]
[SourceVersion "1"]
[SourceVersionDate "2016.08.29"]
[SourceQuality "1"]
[WhiteTeam "Thessaloniki HS"]
[BlackTeam "Kalamata Poseidon"]
[WhiteTeamCountry "GRE"]
[BlackTeamCountry "GRE"]

1. Nf3 Nf6 2. g3 g6 3. b3 Bg7 4. Bb2 0-0 5. Bg2 d6 6. d4 Na6 7. 0-0 c5 8. c4 Ne4 9. Nbd2 Nxd2 10. Qxd2 Rb8 11. Rfd1 Bd7 12. Rac1 Qc8 13. e4 Bg4 14. d5 Bxb2 15. Qxb2 Nc7 16. e5 Bxf3 17. Bxf3 Qf5 18. Bg2 b5 19. Re1 bxc4 20. Rxc4 Nb5 21. Rf4 Qd3 22. exd6 exd6 23. Qf6 Qc3 24. Re7 Qxf6 25. Rxf6 Kg7 26. Rf4 Nd4 27. Bf1 a5 28. Ra7 Rbe8 29. Rxa5 g5 30. Rg4 f6 31. Ra7+ Rf7 32. Ra6 Rd7 33. Kg2 Re1 34. Bd3 h6 35. Re4 Rxe4 36. Bxe4 f5 37. Bd3 g4 38. h3 h5 39. f4 gxf3+ 40. Kf2 Kf6 41. Ra8 h4 42. Bc4 hxg3+ 43. Kxg3 Rg7+ 44. Kf4 Rg1 45. Ke3 Re1+ 46. Kf2 Rh1 47. Kg3 Rg1+ 48. Kf2 Rg2+ 49. Ke3 Kg5 50. Rg8+ Kh4 51. Rd8 Kg3 52. Rg8+ Kh2 53. Rd8 Kg1 54. h4 f2 55. h5 Rg3+ 56. Kf4 Rg4+ 57. Ke3 Nc2+ 58. Kd2 Rxc4 0-1

[Event "GRE-chT 44th"]
[Site "Achaia"]
[Date "2016.07.06"]
[Round "2.4"]
[White "Papadimitriou, Athanasios"]
[Black "Brokalakis Gounaris, Christos"]
[Result "1-0"]
[WhiteElo "2254"]
[BlackElo "1670"]
[PlyCount "49"]
[EventDate "2016.07.05"]
[EventType "team-swiss"]
[EventRounds "7"]
[EventCountry "GRE"]
[SourceTitle "CBM 173 Extra"]
[Source "ChessBase"]
[SourceDate "2016.08.29"]
[SourceVersion "1"]
[SourceVersionDate "2016.08.29"]
[SourceQuality "1"]
[WhiteTeam "Thessaloniki HS"]
[BlackTeam "OFI"]
[WhiteTeamCountry "GRE"]
[BlackTeamCountry "GRE"]

1. Nf3 d5 2. g3 Nf6 3. Bg2 e6 4. 0-0 Be7 5. c4 c6 6. b3 0-0 7. Bb2 Nbd7 8. d4 b6 9. Nc3 Bb7 10. Nd2 Rc8 11. e4 dxe4 12. Ncxe4 Nxe4 13. Nxe4 Nf6 14. Re1 Nxe4 15. Bxe4 Bf6 16. Qd3 g6 17. Rad1 Qc7 18. h4 c5 19. Qf3 Bxd4 20. Rxd4 cxd4 21. Bxb7 Rb8 22. Bxd4 Qe7 23. Bd5 Qd8 24. Rxe6 Rc8 25. Qf4 1-0

[Event "GRE-chT 43rd"]
[Site "Porto Rio"]
[Date "2015.10.11"]
[Round "6.1"]
[White "Papadimitriou, Athanasios"]
[Black "Nikolaidis, Ioannis"]
[Result "0-1"]
[WhiteElo "2269"]
[BlackElo "2561"]
[PlyCount "72"]
[EventDate "2015.10.08"]
[EventType "team-swiss"]
[EventRounds "7"]
[EventCountry "GRE"]
[SourceTitle "CBM 168 Extra"]
[Source "ChessBase"]
[SourceDate "2015.10.29"]
[SourceVersion "1"]
[SourceVersionDate "2015.10.29"]
[SourceQuality "1"]
[WhiteTeam "Thessaloniki"]
[BlackTeam "Peristeriou"]
[WhiteTeamCountry "GRE"]
[BlackTeamCountry "GRE"]

1. Nf3 d5 2. g3 Nf6 3. Bg2 c6 4. d4 Bf5 5. 0-0 e6 6. c4 Nbd7 7. Nc3 dxc4 8. Re1 Bb4 9. Bd2 0-0 10. e4 Bxc3 11. exf5 Bxd2 12. Nxd2 exf5 13. Nxc4 Nb6 14. Qd3 Nxc4 15. Qxc4 Qd7 16. Qc5 Rfe8 17. Re5 Rxe5 18. dxe5 Ne4 19. Bxe4 fxe4 20. Re1 Qd2 21. Rxe4 Qxb2 22. Qc4 Qb5 23. Qxb5 cxb5 24. Rb4 a6 25. a4 Kf8 26. f4 Ke7 27. Kf2 Kd7 28. axb5 a5 29. Rd4+ Kc7 30. f5 Kb6 31. Rd7 a4 32. e6 fxe6 33. fxe6 a3 34. e7 a2 35. Rd6+ Kc5 36. Rd1 Kc4 0-1

[Event "Paleochora op 8th"]
[Site "Paleochora"]
[Date "2015.07.22"]
[Round "7"]
[White "Papadimitriou, Athanasios"]
[Black "Tsekmes, Dimitrios"]
[Result "1/2-1/2"]
[WhiteElo "2277"]
[BlackElo "1979"]
[PlyCount "80"]
[EventDate "2015.07.17"]
[EventType "swiss"]
[EventRounds "9"]
[EventCountry "GRE"]
[SourceTitle "CBM 167 Extra"]
[Source "ChessBase"]
[SourceDate "2015.09.14"]
[SourceVersion "1"]
[SourceVersionDate "2015.09.14"]
[SourceQuality "1"]

1. Nf3 Nf6 2. g3 d5 3. Bg2 e6 4. 0-0 Be7 5. c4 0-0 6. d4 dxc4 7. Ne5 Nc6 8. Bxc6 bxc6 9. Nxc6 Qd6 10. Nxe7+ Qxe7 11. Qa4 c5 12. Qa3 Bb7 13. Nc3 Rfd8 14. Qxc5 Qxc5 15. dxc5 Nd7 16. Be3 Rdc8 17. Nb5 Bd5 18. Nxa7 Rxa7 19. c6 Nb6 20. Bxb6 Ra6 21. Bd4 Bxc6 22. Rfc1 Bb5 23. b3 Rac6 24. bxc4 Bxc4 25. e3 f6 26. a4 e5 27. Bb2 Bd3 28. a5 Rxc1+ 29. Rxc1 Rxc1+ 30. Bxc1 e4 31. g4 g5 32. Kg2 Be2 33. Kg3 Kf7 34. h4 Kg6 35. Ba3 h6 36. Bf8 h5 37. gxh5+ Kxh5 38. hxg5 Kxg5 39. Be7 Kg6 40. Bd8 Kf5 1/2-1/2

[Event "Paleochora op 8th"]
[Site "Paleochora"]
[Date "2015.07.18"]
[Round "3"]
[White "Papadimitriou, Athanasios"]
[Black "Zakhartsov, Viacheslav V"]
[Result "1/2-1/2"]
[WhiteElo "2277"]
[BlackElo "2548"]
[PlyCount "116"]
[EventDate "2015.07.17"]
[EventType "swiss"]
[EventRounds "9"]
[EventCountry "GRE"]
[SourceTitle "CBM 167 Extra"]
[Source "ChessBase"]
[SourceDate "2015.09.14"]
[SourceVersion "1"]
[SourceVersionDate "2015.09.14"]
[SourceQuality "1"]

1. Nf3 g6 2. g3 Bg7 3. d4 c5 4. Bg2 cxd4 5. Nxd4 Nc6 6. Be3 Nf6 7. Nxc6 bxc6 8. Bd4 Qc7 9. 0-0 Rb8 10. b3 c5 11. Bb2 d6 12. c4 Bb7 13. Bxb7 Qxb7 14. Nc3 Ne4 15. Qc2 Bxc3 16. Bxc3 f6 17. Rad1 Kf7 18. f3 Nxc3 19. Qxc3 Qb4 20. Qxb4 Rxb4 21. Rd3 a5 22. e4 a4 23. f4 axb3 24. axb3 Rhb8 25. Rff3 f5 26. exf5 gxf5 27. h3 h5 28. Rfe3 R4b7 29. Kf2 Ra7 30. Kf3 Ra1 31. g4 Rf1+ 32. Kg2 Rxf4 33. Rf3 Rxf3 34. Rxf3 Ke6 35. gxf5+ Kf6 36. Kg3 Rg8+ 37. Kf4 Rg1 38. Ke4 Re1+ 39. Kd5 Re5+ 40. Kc6 Rxf5 41. Re3 Re5 42. Rf3+ Kg5 43. Kd7 Kh4 44. Rd3 Re1 45. Rf3 Rh1 46. Kxe7 Rxh3 47. Rf5 Kg4 48. Rd5 Rxb3 49. Kxd6 h4 50. Kxc5 h3 51. Rd1 h2 52. Kc6 Rh3 53. Rh1 Kg3 54. c5 Kg2 55. Rxh2+ Rxh2 56. Kb7 Kf3 57. c6 Rb2+ 58. Ka8 Rc2 1/2-1/2

[Event "Skopje Karposh op"]
[Site "Skopje"]
[Date "2014.04.04"]
[Round "8"]
[White "Papadimitriou, Athanasios"]
[Black "Valsecchi, Alessio"]
[Result "1/2-1/2"]
[WhiteElo "2261"]
[BlackElo "2407"]
[PlyCount "99"]
[EventDate "2014.03.29"]
[EventType "swiss"]
[EventRounds "9"]
[EventCountry "MKD"]
[SourceTitle "CBM 159 Extra"]
[Source "ChessBase"]
[SourceDate "2014.04.24"]
[SourceVersion "1"]
[SourceVersionDate "2014.04.24"]
[SourceQuality "1"]

1. Nf3 c5 2. g3 Nc6 3. d4 cxd4 4. Nxd4 g6 5. Bg2 Bg7 6. Nb3 d6 7. Nc3 Be6 8. 0-0 Rc8 9. e4 h5 10. Nd5 h4 11. c3 Qd7 12. Nf4 h3 13. Bh1 Bc4 14. Re1 Nf6 15. Nd2 Ba6 16. Nf3 Ng4 17. Qa4 Nge5 18. Nxe5 Nxe5 19. Qxd7+ Kxd7 20. Be3 Nc4 21. Bxa7 Nxb2 22. Nd5 Na4 23. Bd4 e5 24. Be3 Bc4 25. Nb6+ Nxb6 26. Bxb6 Rc6 27. Ba5 Ra8 28. Bb4 Rxa2 29. Rxa2 Bxa2 30. Bf3 Be6 31. Rd1 Bf8 32. Be2 Rc8 33. Bf1 g5 34. f3 g4 35. f4 exf4 36. gxf4 Bc4 37. Kf2 Bxf1 38. Rxf1 Bg7 39. Rd1 Bxc3 40. Bxd6 Rc4 41. Kg3 Rxe4 42. Be5+ Ke6 43. Bxc3 Re3+ 44. Kxg4 Rxc3 45. Rb1 Rc7 46. Kxh3 f5 47. Rb5 Rh7+ 48. Kg3 Rg7+ 49. Kf3 Rf7 50. Ke3 1/2-1/2

[Event "GRE CupT final 31st"]
[Site "Athens"]
[Date "2013.07.08"]
[Round "1.3"]
[White "Papadimitriou, Athanasios"]
[Black "Banikas, Hristos"]
[Result "0-1"]
[WhiteElo "2232"]
[BlackElo "2609"]
[PlyCount "174"]
[EventDate "2013.07.08"]
[EventType "team-k.o."]
[EventRounds "2"]
[EventCountry "GRE"]
[SourceTitle "CBM 155 Extra"]
[Source "ChessBase"]
[SourceDate "2013.08.26"]
[SourceVersion "1"]
[SourceVersionDate "2013.08.26"]
[SourceQuality "1"]
[WhiteTeam "Thessaloniki"]
[BlackTeam "Peristeriou"]
[WhiteTeamCountry "GRE"]
[BlackTeamCountry "GRE"]

1. Nf3 c5 2. g3 Nc6 3. c4 Nf6 4. Bg2 d5 5. 0-0 e5 6. cxd5 Nxd5 7. Nc3 Nc7 8. d3 Be7 9. Be3 0-0 10. Nd2 Be6 11. Nb3 Na6 12. Rc1 Qd7 13. Ne4 b6 14. Ng5 Bd5 15. Bxd5 Qxd5 16. Nf3 Rac8 17. a3 Rfd8 18. Qc2 Nc7 19. Nbd2 Ne6 20. Qc4 Qd7 21. Rb1 Kh8 22. Qe4 f6 23. b4 Ned4 24. Bxd4 f5 25. Nxe5 fxe4 26. Nxd7 Nxd4 27. Ne5 Rd5 28. f4 exf3 29. Ndxf3 Nxe2+ 30. Kf2 Nc3 31. Rb3 cxb4 32. axb4 Nb5 33. Ke3 Kg8 34. Ke4 Rd6 35. d4 Bf6 36. Rf2 Rcd8 37. Rd2 Bxe5 38. Kxe5 Rf6 39. Ke4 Nd6+ 40. Kd5 Rf5+ 41. Kc6 Nc4 42. Re2 a5 43. Kc7 Rff8 44. Ne5 Rxd4 45. Nxc4 Rxc4+ 46. Kxb6 axb4 47. Kb5 Rg4 48. h3 Rb8+ 49. Kc5 Rg5+ 50. Kc6 Rc8+ 51. Kd7 Rc3 52. Rxb4 Rgxg3 53. h4 h6 54. Ke6 Kh7 55. Kf5 Rg1 56. Rh2 Rc6 57. Kf4 Rf6+ 58. Ke3 Re1+ 59. Kd2 Re7 60. Rd4 Ra6 61. Kc3 g6 62. Rh1 Kg7 63. Rh2 Ra3+ 64. Kb4 Rae3 65. Kc5 R3e5+ 66. Kd6 R5e6+ 67. Kc5 Rc7+ 68. Kb5 Re5+ 69. Kb6 Rce7 70. Kc6 Re1 71. Kd6 g5 72. hxg5 hxg5 73. Rg2 Kf6 74. Rdg4 Rd1+ 75. Kc5 Re5+ 76. Kc4 Rf5 77. R4g3 Rf4+ 78. Kc3 Rd5 79. Rg1 Kg6 80. Rh1 g4 81. Kc2 Kg5 82. Rh8 Rf2+ 83. Kc1 Kf4 84. Rg1 Rf3 85. Rg2 g3 86. Rh1 Rf2 87. Rgg1 g2 0-1

[Event "GRE-chT 41st"]
[Site "Achaia"]
[Date "2013.07.06"]
[Round "6.4"]
[White "Papadimitriou, Athanasios"]
[Black "Skembris, Spyridon"]
[Result "1/2-1/2"]
[WhiteElo "2232"]
[BlackElo "2458"]
[PlyCount "115"]
[EventDate "2013.07.02"]
[EventType "team-swiss"]
[EventRounds "7"]
[EventCountry "GRE"]
[SourceTitle "CBM 155 Extra"]
[Source "ChessBase"]
[SourceDate "2013.08.26"]
[SourceVersion "1"]
[SourceVersionDate "2013.08.26"]
[SourceQuality "1"]
[WhiteTeam "Thessaloniki HS"]
[BlackTeam "Kavalas CN"]
[WhiteTeamCountry "GRE"]
[BlackTeamCountry "GRE"]

1. Nf3 c5 2. g3 g6 3. Bg2 Bg7 4. 0-0 Nc6 5. c4 d6 6. Nc3 Nf6 7. a3 0-0 8. Rb1 d5 9. cxd5 Nxd5 10. Nxd5 Qxd5 11. d3 Qh5 12. b4 cxb4 13. axb4 Qb5 14. Be3 Bg4 15. Qd2 Rac8 16. Rfc1 b6 17. h3 Bxf3 18. Bxf3 Nd4 19. Bxd4 Bxd4 20. e3 Be5 21. Rxc8 Rxc8 22. d4 Bd6 23. Qe2 Rc4 24. Qf1 Qf5 25. Bg4 Qc2 26. b5 Rc3 27. Ra1 h5 28. Be2 Ba3 29. Qd1 Qf5 30. Qe1 Bb2 31. Rb1 Rc2 32. g4 hxg4 33. hxg4 Qe4 34. Rd1 Bc3 35. Qf1 Bd2 36. Qg2 Qxg2+ 37. Kxg2 Bxe3 38. Kf3 Bg5 39. d5 Bd2 40. Ra1 Rc7 41. Ke4 Bb4 42. Bd3 Kg7 43. f4 Bd6 44. Ra2 Bc5 45. Rc2 Rd7 46. Bc4 Rd8 47. Rh2 e6 48. Rd2 f5+ 49. Kf3 fxg4+ 50. Kxg4 Kf6 51. Rd1 Rd7 52. Bb3 exd5 53. Rxd5 Re7 54. Re5 Rxe5 55. fxe5+ Kxe5 56. Kg5 Kd4 57. Kxg6 Bd6 58. Bd1 1/2-1/2

[Event "GRE-chT 41st"]
[Site "Achaia"]
[Date "2013.07.04"]
[Round "4.4"]
[White "Halkias, Stelios"]
[Black "Papadimitriou, Athanasios"]
[Result "1-0"]
[WhiteElo "2565"]
[BlackElo "2232"]
[PlyCount "75"]
[EventDate "2013.07.02"]
[EventType "team-swiss"]
[EventRounds "7"]
[EventCountry "GRE"]
[SourceTitle "CBM 155 Extra"]
[Source "ChessBase"]
[SourceDate "2013.08.26"]
[SourceVersion "1"]
[SourceVersionDate "2013.08.26"]
[SourceQuality "1"]
[WhiteTeam "Peristeriou CP"]
[BlackTeam "Thessaloniki HS"]
[WhiteTeamCountry "GRE"]
[BlackTeamCountry "GRE"]

1. Nf3 c5 2. c4 Nc6 3. Nc3 g6 4. e3 Nf6 5. d4 cxd4 6. exd4 d5 7. cxd5 Nxd5 8. Qb3 Nxc3 9. Bc4 Nd5 10. Bxd5 e6 11. Bxc6+ bxc6 12. 0-0 Bg7 13. Qa3 Qe7 14. b3 Qxa3 15. Bxa3 a5 16. Rfc1 a4 17. Ne5 Bxe5 18. dxe5 Kd7 19. Rd1+ Kc7 20. Bd6+ Kd7 21. Rab1 Rd8 22. a3 Ke8 23. h4 h5 24. Rdc1 Bd7 25. Rc4 axb3 26. Rxb3 Ra7 27. Bc5 Ra5 28. Rb7 Rb5 29. Ra7 Rb1+ 30. Kh2 Rd1 31. a4 Rd5 32. a5 Rxe5 33. a6 Re1 34. Rb7 Ra1 35. a7 e5 36. Rb8 Be6 37. Bb6 Rc8 38. Rxc6 1-0

[Event "GRE-chT 41st"]
[Site "Achaia"]
[Date "2013.07.03"]
[Round "3.4"]
[White "Kazantzidis, Ilias"]
[Black "Papadimitriou, Athanasios"]
[Result "0-1"]
[WhiteElo "2058"]
[BlackElo "2232"]
[PlyCount "88"]
[EventDate "2013.07.02"]
[EventType "team-swiss"]
[EventRounds "7"]
[EventCountry "GRE"]
[SourceTitle "CBM 155 Extra"]
[Source "ChessBase"]
[SourceDate "2013.08.26"]
[SourceVersion "1"]
[SourceVersionDate "2013.08.26"]
[SourceQuality "1"]
[WhiteTeam "Kavalas OFS"]
[BlackTeam "Thessaloniki HS"]
[WhiteTeamCountry "GRE"]
[BlackTeamCountry "GRE"]

1. Nf3 d5 2. e3 Nf6 3. Be2 g6 4. b3 Bg7 5. Bb2 0-0 6. 0-0 c5 7. d4 Ne4 8. c4 Nc6 9. Nbd2 Bf5 10. Rc1 cxd4 11. Nxe4 d3 12. Bxg7 dxe2 13. Qxe2 dxe4 14. Bxf8 exf3 15. Qxf3 Kxf8 16. Rfd1 Qa5 17. e4 Be6 18. Qc3 Qxc3 19. Rxc3 a5 20. a3 f6 21. f4 Ke8 22. e5 fxe5 23. fxe5 Rd8 24. Rxd8+ Kxd8 25. Re3 a4 26. Kf2 axb3 27. Rxb3 Kc7 28. Re3 Bxc4 29. Kg3 Bd5 30. Rd3 e6 31. Re3 Kb6 32. Kf4 Bxg2 33. Rb3+ Kc7 34. Kg5 Nxe5 35. Kf6 Nd7+ 36. Kg7 Be4 37. Kxh7 Bf5 38. Kh6 Nc5 39. Re3 Kd6 40. Kg5 e5 41. Re1 Kd5 42. h4 Bc2 43. Kg4 Kd4 44. Rc1 Kc3 0-1

[Event "GRE-ch U20"]
[Site "Chania"]
[Date "2013.01.05"]
[Round "4"]
[White "Papasimakopoulos, Alexandros"]
[Black "Papadimitriou, Athanasios"]
[Result "1/2-1/2"]
[WhiteElo "2190"]
[BlackElo "2246"]
[PlyCount "71"]
[EventDate "2013.01.02"]
[EventType "tourn"]
[EventRounds "6"]
[EventCountry "GRE"]
[SourceTitle "EXT 2024"]
[Source "ChessBase"]
[SourceDate "2023.10.10"]
[SourceVersion "1"]
[SourceVersionDate "2023.10.10"]
[SourceQuality "1"]

1. d4 Nf6 2. c4 c5 3. Nf3 cxd4 4. Nxd4 e5 5. Nf3 Nc6 6. Nc3 Bb4 7. Bg5 h6 8. Bxf6 Qxf6 9. e3 d6 10. Qd2 Bg4 11. Be2 e4 12. Nd4 Bxe2 13. Ndxe2 Ne5 14. 0-0 0-0 15. Qd5 Qe6 16. Qxb7 Bxc3 17. Nxc3 Rab8 18. Qxe4 Rxb2 19. Nd5 Rd2 20. Rfd1 Rxd1+ 21. Rxd1 Rc8 22. Rc1 Rc5 23. Kf1 Nxc4 24. Rxc4 Rxd5 25. Qxe6 fxe6 26. Rc6 a5 27. Ra6 Kf7 28. e4 Rc5 29. Rxd6 Rc2 30. e5 Rxa2 31. Ra6 g5 32. h3 a4 33. g3 a3 34. Kg2 Re2 35. Ra7+ Kg6 36. Rxa3 1/2-1/2

[Event "GRE-ch U20"]
[Site "Chania"]
[Date "2013.01.04"]
[Round "3"]
[White "Papadimitriou, Athanasios"]
[Black "Papakonstantinou, Dimitrios"]
[Result "1/2-1/2"]
[WhiteElo "2246"]
[BlackElo "2154"]
[PlyCount "105"]
[EventDate "2013.01.02"]
[EventType "tourn"]
[EventRounds "6"]
[EventCountry "GRE"]
[SourceTitle "EXT 2024"]
[Source "ChessBase"]
[SourceDate "2023.10.10"]
[SourceVersion "1"]
[SourceVersionDate "2023.10.10"]
[SourceQuality "1"]

1. Nf3 Nf6 2. d4 g6 3. g3 Bg7 4. Bg2 d5 5. 0-0 0-0 6. Ne5 Ne8 7. c4 dxc4 8. Na3 Nd6 9. e3 c6 10. Naxc4 Be6 11. b3 Bd5 12. Bh3 f6 13. Nxd6 exd6 14. Nd3 f5 15. Ba3 Re8 16. Qd2 Na6 17. Nf4 Bf7 18. Rac1 Nc7 19. Bg2 Nb5 20. Bb2 d5 21. Nd3 a5 22. Nc5 Re7 23. a4 Nd6 24. Ba3 Rc7 25. Rc2 Ne4 26. Qc1 Qf6 27. Qb2 Nd6 28. Nd3 g5 29. Ne5 f4 30. Qc1 Nf5 31. Bc5 Qh6 32. exf4 gxf4 33. gxf4 Be6 34. Rc3 Kh8 35. Re1 Rg8 36. Rh3 Nh4 37. Rg3 Bf6 38. Bd6 Rcg7 39. Ng6+ Rxg6 40. Rxe6 Bxd4 41. Be5+ Bxe5 42. Rxe5 Qf8 43. Rh5 Qf6 44. Rgg5 Nxg2 45. Kxg2 Rf8 46. Qe3 Rh6 47. Rxh6 Qxh6 48. Qe7 Rxf4 49. Qe5+ Qf6 50. Qb8+ Qf8 51. Qe5+ Qf6 52. Qb8+ Qf8 53. Qe5+ 1/2-1/2

[Event "Paleochora op 5th"]
[Site "Paleochora"]
[Date "2012.07.18"]
[Round "4"]
[White "Papadimitriou, Athanasios"]
[Black "Henrichs, Thomas"]
[Result "0-1"]
[WhiteElo "2215"]
[BlackElo "2505"]
[PlyCount "124"]
[EventDate "2012.07.16"]
[EventType "swiss"]
[EventRounds "9"]
[EventCountry "GRE"]
[SourceTitle "CBM 149 Extra"]
[Source "ChessBase"]
[SourceDate "2012.08.24"]
[SourceVersion "1"]
[SourceVersionDate "2012.08.24"]
[SourceQuality "1"]

1. Nf3 c5 2. g3 b5 3. Bg2 Bb7 4. 0-0 e6 5. a4 b4 6. d3 d6 7. e4 Nd7 8. Nbd2 Ngf6 9. Nc4 Be7 10. Re1 0-0 11. e5 dxe5 12. Nfxe5 Bxg2 13. Kxg2 Nxe5 14. Rxe5 Nd5 15. Qg4 Qd7 16. Re1 Bf6 17. Bg5 Bd4 18. Be3 Bxe3 19. Nxe3 Ne7 20. Qc4 Rac8 21. Ng4 Nf5 22. Ne5 Qc7 23. c3 Rfd8 24. Rad1 Rd5 25. Nf3 Qb7 26. Kg1 Rcd8 27. Re5 Rxe5 28. Nxe5 Rd5 29. Nf3 bxc3 30. bxc3 h6 31. d4 Qb2 32. Qd3 cxd4 33. Nxd4 Nxd4 34. cxd4 g6 35. Qc4 h5 36. h4 Rf5 37. Rf1 Qd2 38. Kg2 a5 39. Kg1 Kg7 40. Kg2 Rd5 41. Qc7 Qxd4 42. Re1 Qd2 43. Re3 Rf5 44. Qc3+ Qxc3 45. Rxc3 Rd5 46. Rc4 Kf6 47. Kf3 Rd3+ 48. Ke4 Ra3 49. Kf4 Ra2 50. f3 Ra1 51. g4 hxg4 52. fxg4 g5+ 53. hxg5+ Kg6 54. Re4 Rd1 55. Ke3 Rd5 56. Rf4 Rxg5 57. Kd3 Rc5 58. Rf1 Rc8 59. Rf4 e5 60. Rf1 f6 61. Rb1 Rd8+ 62. Kc3 Rd4 0-1

[Event "GRE-chT 40th"]
[Site "Achaia"]
[Date "2012.07.01"]
[Round "2.5"]
[White "Ilandzis, Spyridon"]
[Black "Papadimitriou, Athanasios"]
[Result "0-1"]
[WhiteElo "2135"]
[BlackElo "2211"]
[PlyCount "112"]
[EventDate "2012.06.30"]
[EventType "team-swiss"]
[EventRounds "7"]
[EventCountry "GRE"]
[SourceTitle "CBM 149 Extra"]
[Source "ChessBase"]
[SourceDate "2012.08.24"]
[SourceVersion "1"]
[SourceVersionDate "2012.08.24"]
[SourceQuality "1"]
[WhiteTeam "Triandrias"]
[BlackTeam "Thessaloniki"]
[WhiteTeamCountry "GRE"]
[BlackTeamCountry "GRE"]

1. e4 d5 2. exd5 Nf6 3. d4 Nxd5 4. Nf3 g6 5. c4 Nb6 6. Nc3 Bg7 7. c5 Nd5 8. Bc4 Nxc3 9. bxc3 0-0 10. 0-0 Nc6 11. Re1 Bg4 12. Bg5 Qd7 13. h3 Bxf3 14. Qxf3 e5 15. Rad1 exd4 16. cxd4 Rae8 17. Rxe8 Rxe8 18. Bb5 f6 19. Bxf6 Qf7 20. Bxc6 bxc6 21. Bxg7 Qxf3 22. gxf3 Kxg7 23. Rb1 Kf6 24. Rb7 Re7 25. Rxa7 Ke6 26. Kf1 Kd5 27. Ra4 Rf7 28. Ke2 Re7+ 29. Kd2 Rf7 30. Ke3 Re7+ 31. Kf4 Re2 32. Ra7 Re7 33. Ra4 Re2 34. a3 h6 35. h4 Rxf2 36. Ra7 Rd2 37. Rxc7 Rxd4+ 38. Kg3 Kxc5 39. Rh7 h5 40. Rg7 Rd6 41. Kf4 Kd4 42. Re7 c5 43. Re1 Rc6 44. Rd1+ Kc3 45. Ke5 c4 46. Kd5 Rc8 47. Rc1+ Kd3 48. Rd1+ Kc2 49. Rg1 c3 50. Rxg6 Kd3 51. f4 c2 52. Rg3+ Ke2 53. Rg1 c1Q 54. Rxc1 Rxc1 55. f5 Kf3 56. f6 Kg4 0-1